Statistics for People Portrayed by Andy Warhol

Click here to take the quiz!

General Stats

  • This quiz has been taken 10,474 times
    (2,109 since last reset)
  • The average score is 15 of 20

Answer Stats

Answer% Correct
Marilyn Monroe
99%
Michael Jackson
99%
John Lennon
98%
Elvis Presley
96%
Mao Zedong
95%
Muhammad Ali
94%
Prince
93%
Princess Diana
93%
Richard Nixon
91%
Jacqueline Kennedy Onassis
84%
John Wayne
79%
Mick Jagger
74%
Andy Warhol
71%
Liza Minnelli
71%
Elizabeth Taylor
68%
Lucille Ball
65%
Dolly Parton
62%
Debbie Harry
50%
Ingrid Bergman
35%
Farrah Fawcett
32%

Score Distribution

Percentile by Number Answered

Percent of People with Each Score

Your Score History

You have not taken this quiz since the last reset